000 00475nam a22001697a 4500
005 20171005101459.0
010 _a1718EN-30
020 _a9781756447370
_c95.00
037 _bLGPD
_adpl
245 _aSynonyms & antonyms /
_ccompiled by J.C. Joshi
260 _c2016
_aDelhi
_bSahni Pub.
270 _a4777, Dr. Mitra Gali, Roshnara Road,
_bDelhi
_e110007
300 _c21cm(pbk)
_a256p.
700 _aJoshi, J.C.
942 _cEN
_2ddc
_mSYN
999 _c146089
_d146089